| 000 | 00832nam a2200253 i 4500 | ||
|---|---|---|---|
| 001 | 40953 | ||
| 003 | ES-MaACL | ||
| 005 | 20250805062422.0 | ||
| 007 | t| | ||
| 008 | 030307s1982 sp ||||1| spa d | ||
| 100 | 0 |
_aCarlos _bI, _cRey de España _935296 |
|
| 245 | 1 | 0 |
_aTestamento de Carlos V / _cCarlos V ; [trascripción palegráfica, José Luis de la Peña ; introducción Manuel Fernández Alvarez]. |
| 250 | _aEd. facs. | ||
| 260 |
_a[Madrid : _bEd. Nacional, _c1982] |
||
| 300 |
_aXXXVIII, 113 p. ; _c23 cm. |
||
| 490 | 1 | _aDocumenta | |
| 655 | 7 |
_2tgfbne _9226495 _aFacsímiles |
|
| 700 | 1 |
_aPeña, José Luis de la. _990229 |
|
| 700 | 1 |
_aFernández Álvarez, Manuel, _d1921-2010 _949458 |
|
| 830 | 0 |
_aDocumenta _9178578 |
|
| 852 |
_aES-MaACL _jL-4113 _bR.104824 |
||
| 942 | _2udc | ||
| 999 |
_c40953 _d40953 |
||